000 01107nam a22002537a 4500
005 20141216112307.0
008 140714b xxu||||| |||| 00| 0 Urdu d
010 _aUR-228 B-548237
020 _c350.00
_a9788192190846
035 _aU-228 B-548237
037 _bBPPD/Publishers/Venders
037 _bStar Publications(Vend.)/Adabistan Pub.(Pub.)
040 _aDPL
_bUrdu
082 _a440
100 _aنا ہيد فا طمہ
245 _aا نيسو ين صد ی مين ا ر د و ز با ن
_cنا ہيد فا طمہ
246 _aUnniswin Sadi men urdu Zaban
_bbyNahid Fatma
260 _bAdabistan Publications
_bStar Publications.( Vender)
_c2012
260 _a4/5Asaf Ali Road,New Delhi-110002
270 _aA-170,گر ا ؤ نڈ فلو ر سو ر يہ ا پا ر ٹمينٹ،د لشا د کا لو نی
_bدھلی
_e110095
_k9899706640
300 _a354ص
_c22Cm(Pb)
942 _2ddc
_cUR
_mن ا ہ
_h440
999 _c87696
_d87696